000 00416nam a2200181Ia 4500
001 2598
005 20260306144819.0
008 260306t1960||||xx |||||||||||||| ||spa||
041 _aESP
082 _a616.8982
_bE94
100 _aJackson, D.
_eAUT
245 0 _aEtiología de la esquizofrenia
260 _c1960
300 _a444 páginas :
_ccm.
650 _aGEN
654 _aCPS
942 _cLIB
_dJUS
_fJUS
_2ddc
_n
999 _c2598
_d2598